logo

Bir Sreshtho Munshi Abdur Rouf Library
Jhenaidah Cadet College

Calculus and the computer / (Record no. 11526)

MARC details
000 -LEADER
fixed length control field 00689nam a2200241 a 4500
001 - CONTROL NUMBER
control field 11526
003 - CONTROL NUMBER IDENTIFIER
control field BD-JhCC
005 - DATE AND TIME OF LATEST TRANSACTION
control field 20191027093937.0
008 - FIXED-LENGTH DATA ELEMENTS--GENERAL INFORMATION
fixed length control field 171219s1986 maua 000 0 eng
010 ## - LIBRARY OF CONGRESS CONTROL NUMBER
LC control number 85031082
020 ## - INTERNATIONAL STANDARD BOOK NUMBER
International Standard Book Number 0871509504 (pbk.) :
Terms of availability $12.00
035 ## - SYSTEM CONTROL NUMBER
System control number (BD-JhCC)11526
040 ## - CATALOGING SOURCE
Original cataloging agency DLC
Transcribing agency DLC
Modifying agency DLC
-- BD-JhCC
050 00 - LIBRARY OF CONGRESS CALL NUMBER
Classification number QA303
Item number .G67 1986
082 00 - DEWEY DECIMAL CLASSIFICATION NUMBER
Classification number 515
Edition number 19
Item number GOR 1986
100 1# - MAIN ENTRY--PERSONAL NAME
Personal name Gordon, Sheldon P.
245 10 - TITLE STATEMENT
Title Calculus and the computer /
Statement of responsibility, etc. Sheldon P. Gordon.
260 ## - PUBLICATION, DISTRIBUTION, ETC.
Place of publication, distribution, etc. Boston :
Name of publisher, distributor, etc. Prindle, Weber & Schmidt,
Date of publication, distribution, etc. c1986.
300 ## - PHYSICAL DESCRIPTION
Extent xiv, 237 p. :
Other physical details ill. ;
Dimensions 24 cm.
500 ## - GENERAL NOTE
General note Includes index.
650 #0 - SUBJECT ADDED ENTRY--TOPICAL TERM
Topical term or geographic name entry element Calculus
General subdivision Data processing.
942 ## - ADDED ENTRY ELEMENTS (KOHA)
Source of classification or shelving scheme Dewey Decimal Classification
Koha item type Books
Holdings
Withdrawn status Lost status Source of classification or shelving scheme Damaged status Not for loan Home library Current library Shelving location Date acquired Total Checkouts Full call number Barcode Date last seen Copy number Price effective from Koha item type
    Dewey Decimal Classification     JCC Rouf Library JCC Rouf Library General Stacks 12/19/2017   515 GOR 1986 11069 10/27/2019 C-1 10/27/2019 Books

JCC Library | Contacts | JCC Home

Last Update on 23 September 2017
Copyright @ 2017-2020 JCC Rouf Library
Rouf Library, Jhenidah Cadet College (JCC), Bangladesh